La historia desde abajo y desde dentro /
Enregistré dans:
| Auteur principal: | |
|---|---|
| Format: | Inconnue |
| Langue: | Spanish |
| Publié: |
Santiago, Chile :
Facultad de Artes, Universidad de Chile,
c2003.
|
| Collection: | (Colección Teoría ;
7) |
| Sujets: | |
| Tags: |
Ajouter un tag
Pas de tags, Soyez le premier à ajouter un tag!
|
MARC
| LEADER | 000000000a22000000004500 | ||
|---|---|---|---|
| 001 | 003621 | ||
| 020 | |a 9561904055 | ||
| 041 | 0 | |a spa | |
| 082 | 0 | 4 | |a 983.064 |b S161h |
| 100 | 1 | |a Salazar Vergara, Gabriel, |d 1936- | |
| 245 | 1 | 3 | |a La historia desde abajo y desde dentro / |c Gabriel Salazar Vergara. |
| 260 | 1 | |a Santiago, Chile : |b Facultad de Artes, Universidad de Chile, |c c2003. | |
| 300 | |a 476 páginas | ||
| 490 | 1 | |a (Colección Teoría ; |v 7) | |
| 500 | |a Colección George Yúdice | ||
| 650 | 4 | |a CHILE | |
| 650 | 4 | |a POLITICA Y GOBIERNO | |
| 999 | |c 10100 |d 10100 | ||
| 942 | |c BK |h 983.064 S161h |2 z | ||



